000 00334nam a2200133Ia 4500
008 240624s9999 xx 000 0 und d
041 _aeng
082 _a158.1 MAS
100 _aMASON JOHN
245 _aENEMY CALLED AVERAGE THE KEYS TO UNLOCKI
260 _c2011
_aCHINA
_bSIMPLE TRUTHS
300 _a122 p.; 23 cm.
365 _c
_b33
999 _c32203
_d32203